Az El Camino és a Szent Márton út spirituális és turisztikai sajátosságainak vizsgálata

Bibliográfiai részletek
Szerző: Dankházi Anna Júlia
További közreműködők: Schultz Dr. Éva
Dokumentumtípus: Diplomadolgozat
Kulcsszavak:spiritualizmus
térségfejlesztés
turizmus
vallás
zarándoklat
Online Access:http://dolgozattar.uni-bge.hu/59614

MARC

LEADER 00000nta a2200000 i 4500
001 dolg59614
005 20260409145315.0
008 260409suuuu hu om 000 hun d
040 |a BGE Dolgozattár Repozitórium  |b hun 
041 |a hu 
100 1 |a Dankházi Anna Júlia 
245 1 3 |a Az El Camino és a Szent Márton út spirituális és turisztikai sajátosságainak vizsgálata  |c Dankházi Anna Júlia  |h [elektronikus dokumentum] 
520 3 |a Szakdolgozatom célja az El Camino és a Szent Márton út vizsgálata spirituális és turisztikai szempontból. Témám választását az inspirálta, hogy minél jobban megértsem a zarándoklat világát összehasonlítva egy ismert és egy kevésbé ismert utat, kiemelve egy magyarországi zarándokutat. Primer kutatásomat zarándokokkal és szervezőkkel készítettem, valamint kitértem olyan személyekre is, akik még sosem jártak zarándokúton, azért hogy felmérjem külsős személyek véleményét is.A két szakmai interjúmat Dukát Csillával a Szent Jakab út egyesület elnökével és Orbán Róberttel a Szent Márton egyesület elnökével folytattam le. Harmadik interjúmat Sabján Dorottya segítette, aki februárban tette meg élete első zarándoklását az Északi úton Spanyolországban. Három kérdőív segítségével összesen körülbelül 120 kitöltéssel összehasonlítást tudtam végezni az El Camino-sok a Szent Mártonosok válaszaival, valamint azokkal, akik még nem tették meg egyik utat sem.A kutatás rámutatott, hogy a Szent Márton utat érdemes lenne előtérbe helyezni és fejleszteni azt, a Szent Jakab útnál viszont figyelembe kell venni a tömegturizmus okozta problémákat és azokat helyreállítani. 
695 |a spiritualizmus 
695 |a térségfejlesztés 
695 |a turizmus 
695 |a vallás 
695 |a zarándoklat 
700 1 |a Schultz Dr. Éva  |e ths 
856 4 0 |u http://dolgozattar.uni-bge.hu/59614/1/Szakdolgozat%20-%20Dankh%C3%A1zi%20Anna%20J%C3%BAlia.pdf  |z Dokumentum-elérés 
856 4 0 |u http://dolgozattar.uni-bge.hu/59614/2/Dankh%C3%A1zi%20Anna%20J%C3%BAlia_opponensi_Kubesch%20M%C3%A1ria.pdf  |z Dokumentum-elérés 
856 4 0 |u http://dolgozattar.uni-bge.hu/59614/3/Dankh%C3%A1zi%20Anna%20J%C3%BAlia_konzulensi_Schultz%20%C3%89va.pdf  |z Dokumentum-elérés